Normal view
MARC view
- Sul, Seung-Ki.
Entry Personal Name
001 - CONTROL NUMBER
- control field: 52030
003 - CONTROL NUMBER IDENTIFIER
- control field: OSt
005 - DATE AND TIME OF LATEST TRANSACTION
- control field: 20240208141813.0
008 - FIXED-LENGTH DATA ELEMENTS
- fixed length control field: 240208|| aca||aabn | a|a d
040 ## - CATALOGING SOURCE
- Original cataloging agency: OSt
- Transcribing agency: OSt
100 ## - HEADING--PERSONAL NAME
- Personal name: Sul, Seung-Ki.
- Relator term: author.
670 ## - SOURCE DATA FOUND
- Source citation: Work cat.: (OSt): Kim, Hyeon-Sik. author. 52028, Online MTPA operation of IPMSM based on dual-loop control in polar coordinates /, April 2022.
